[Event "10. Lega Veneta Magistrale"]
[Site "Padova"]
[Date "1986.12.13"]
[Round "2"]
[White "Ruggeri, Pietro"]
[Black "Caruso, Augusto"]
[Result "0-1"]
[WhiteElo "1982"]
[BlackElo "1900"]
[Annotator "Gabriele Ballarin"]
[PlyCount "102"]
[EventDate "1986.12.13"]
[EventType "tourn"]
[EventRounds "8"]
[EventCountry "ITA"]

1. f4 b6 2. Nf3 Bb7 3. e3 g6 4. Be2 Bg7 5. O-O Nh6 6. d3 d6 7. Qe1 Nd7 8. c3 O-O 9. e4 e6 10. Ng5 Qe7 11. Qg3 f6 12. Nh3 d5 13. Nd2 dxe4 14. dxe4 Rad8 15. Nf2 f5 16. e5 Nf7 17. h4 Nc5 18. Nb3 Ne4 19. Nxe4 fxe4 20. h5 gxh5 21. Bxh5 Nh6 22. Qh3 Nf5 23. Be2 a5 24. g4 Nh4 25. Nd4 c5 26. Nxe6 Nf3+ 27. Bxf3 Rd3 28. Nxf8 Qxf8 29. Qh4 exf3 30. Qf2 Qc8 31. f5 Bxe5 32. Bg5 Qc7 33. Rad1 Bg3 34. Qc2 f2+ 35. Rxf2 Qc6 36. Kf1 Qh1+ 37. Ke2 Rxd1 38. Qb3+ Bd5 39. Qxd1 Qxd1+ 40. Kxd1 Bxf2 41. Ke2 Bg1 42. Kf1 Bh2 43. Bd8 a4 44. Bxb6 Bd6 45. a3 Bf3 46. g5 Be4 47. Ke2 Bxf5 48. c4 Bc2 49. b4 axb3 50. Kd2 Bf4+ 51. Kc3 Be5+ 0-1

[Event "10. Lega Veneta Magistrale"]
[Site "Padova"]
[Date "1986.12.13"]
[Round "2"]
[White "Solinas, Carlo"]
[Black "Zanini, Giuseppe"]
[Result "1/2-1/2"]
[WhiteElo "1900"]
[BlackElo "1900"]
[Annotator "Gabriele Ballarin"]
[PlyCount "123"]
[EventDate "1986.12.13"]
[EventType "tourn"]
[EventRounds "8"]
[EventCountry "ITA"]

1. e4 e6 2. d4 d5 3. Nc3 Nf6 4. e5 Nfd7 5. Qh5 c5 6. Nf3 g6 7. Qg4 cxd4 8. Bg5 Qa5 9. Nxd4 Nxe5 10. Qf4 Nbd7 11. Bb5 Bg7 12. Bf6 O-O 13. Bxg7 Kxg7 14. h4 h5 15. O-O-O Ng4 16. Qd2 Ngf6 17. f3 a6 18. Bd3 Nc5 19. g4 Nxd3+ 20. Qxd3 Bd7 21. gxh5 Nxh5 22. Qe3 Qc7 23. Nde2 Bb5 24. Qd4+ Kh7 25. Rhg1 Rac8 26. Qd2 Bxe2 27. Nxe2 Qe5 28. Rg5 Qf6 29. f4 Rc4 30. Rf1 Rfc8 31. c3 b5 32. f5 exf5 33. Qxd5 Rxh4 34. Rgxf5 gxf5 35. Rxf5 Qh6+ 36. Kd1 Ng7 37. Rxf7 Rh1+ 38. Kc2 Qg6+ 39. Kb3 Rh4 40. Nf4 Rxf4 41. Rxf4 Qe6 42. Qxe6 Nxe6 43. Rf6 Rc6 44. Rf3 Rc4 45. Rf6 Re4 46. Rf7+ Kg6 47. Ra7 Kf5 48. Ka3 Ra4+ 49. Kb3 Nc5+ 50. Kc2 Rxa2 51. c4 bxc4 52. Rc7 Na4 53. Rxc4 Rxb2+ 54. Kc1 Ra2 55. Kb1 Ra3 56. Rc6 a5 57. Kc2 Ke4 58. Ra6 Nc5 59. Ra8 Kd4 60. Kb2 Rb3+ 61. Ka2 a4 62. Rxa4+ 1/2-1/2

[Event "10. Lega Veneta Magistrale"]
[Site "Padova"]
[Date "1986.12.14"]
[Round "3"]
[White "Caruso, Augusto"]
[Black "Solinas, Carlo"]
[Result "1-0"]
[WhiteElo "1900"]
[BlackElo "1900"]
[Annotator "Gabriele Ballarin"]
[PlyCount "119"]
[EventDate "1986.12.13"]
[EventType "tourn"]
[EventRounds "8"]
[EventCountry "ITA"]
[SourceTitle "Ballarin Gabriele"]
[Source "Ballarin Gabrie"]
[SourceDate "2001.01.01"]
[SourceVersion "1"]
[SourceVersionDate "2001.01.01"]
[SourceQuality "1"]

1. e4 e5 2. Nf3 Nc6 3. c3 f5 4. d4 fxe4 5. Nxe5 Qf6 6. Ng4 Qg6 7. Ne3 Nf6 8. Bc4 Bd6 9. Na3 a6 10. b4 b5 11. Bb3 Nd8 12. Bd2 c6 13. Nac2 Ne6 14. Bxe6 dxe6 15. Qe2 Nd5 16. Qg4 Nf4 17. Qxg6+ hxg6 18. g3 Nh3 19. Ng4 e5 20. Nxe5 Bxe5 21. dxe5 Bg4 22. Nd4 Rf8 23. Be3 a5 24. a3 axb4 25. cxb4 Kd7 26. e6+ Bxe6 27. Nxe6 Kxe6 28. Ke2 Rfd8 29. Rhd1 Rd5 30. Rac1 Rxd1 31. Kxd1 Rc8 32. Ke2 g5 33. Rc5 Ng1+ 34. Kf1 Nf3 35. Bxg5 Nxh2+ 36. Kg2 Ng4 37. Be3 Ne5 38. Bd4 Nd3 39. Rg5 Rc7 40. Rxg7 Rxg7 41. Bxg7 Kf5 42. Kf1 Nc1 43. Bb2 Nd3 44. Bd4 Ke6 45. Ke2 Kd5 46. Bg7 c5 47. bxc5 Nxc5 48. Ke3 Ne6 49. Bf6 Nc5 50. g4 Ke6 51. Bd4 Nb7 52. Kxe4 Nd6+ 53. Kf4 Kd5 54. Bc3 Ne4 55. Be1 Nc5 56. Kf5 Nd3 57. g5 Nxe1 58. g6 Nf3 59. g7 Nd4+ 60. Kf6 1-0

[Event "10. Lega Veneta Magistrale"]
[Site "Padova"]
[Date "1986.12.14"]
[Round "3"]
[White "Guerra, Alessandro"]
[Black "Rossi, Carlo"]
[Result "1-0"]
[WhiteElo "1900"]
[BlackElo "2210"]
[Annotator "Gabriele Ballarin"]
[PlyCount "109"]
[EventDate "1986.12.13"]
[EventType "tourn"]
[EventRounds "8"]
[EventCountry "ITA"]

1. e4 Nc6 2. d4 d5 3. e5 f6 4. Bf4 Bf5 5. Bd3 Nxd4 6. Bxf5 Nxf5 7. g4 Nh4 8. Bg3 Ng6 9. e6 c6 10. Qe2 Qb6 11. c3 Ne5 12. f4 Qxb2 13. fxe5 Qxa1 14. Qc2 d4 15. Ne2 O-O-O 16. cxd4 Nh6 17. h3 fxe5 18. Bxe5 Rd5 19. Nec3 Rxe5+ 20. dxe5 g6 21. O-O Bg7 22. Nd2 Qxf1+ 23. Kxf1 Bxe5 24. Nde4 Rf8+ 25. Kg2 Ng8 26. g5 h6 27. h4 hxg5 28. hxg5 a6 29. Qd3 Rd8 30. Qf3 Kc7 31. Qf7 c5 32. Qxg6 b5 33. Qf5 Bd4 34. Ne2 Kb6 35. Nxd4 cxd4 36. Nc5 Rc8 37. Nd7+ Ka5 38. Qd3 Rc4 39. Ne5 Ra4 40. Nc6+ Kb6 41. Nxd4 Rxa2+ 42. Kf3 Ra4 43. Ke3 b4 44. Qg6 Ra3+ 45. Kd2 Kc5 46. Nc2 Ra2 47. Qxg8 a5 48. Qc8+ Kb5 49. Qb7+ Kc4 50. Qc6+ Kb3 51. Qd5+ Kb2 52. g6 Kb1 53. Qh1+ Kb2 54. g7 Kb3 55. Qd5+ 1-0

[Event "10. Lega Veneta Magistrale"]
[Site "Padova"]
[Date "1986.12.14"]
[Round "3"]
[White "Pinton, Maurizio"]
[Black "Ruggeri, Pietro"]
[Result "1-0"]
[WhiteElo "1900"]
[BlackElo "1982"]
[Annotator "Gabriele Ballarin"]
[PlyCount "31"]
[EventDate "1986.12.13"]
[EventType "tourn"]
[EventRounds "8"]
[EventCountry "ITA"]

1. e4 e5 2. Nf3 Nf6 3. Nc3 Bb4 4. Bc4 O-O 5. O-O Nc6 6. d3 Bxc3 7. bxc3 d5 8. exd5 Nxd5 9. Ng5 h6 10. Qf3 Nf6 11. Ne4 Nxe4 12. Qxe4 Qf6 13. f4 Qh4 14. Ba3 Rd8 15. Bxf7+ Kh8 16. Rae1 1-0

[Event "10. Lega Veneta Magistrale"]
[Site "Padova"]
[Date "1986.12.14"]
[Round "3"]
[White "Zanini, Giuseppe"]
[Black "Cracco, Pietro"]
[Result "1-0"]
[WhiteElo "1900"]
[BlackElo "1900"]
[Annotator "Gabriele Ballarin"]
[PlyCount "79"]
[EventDate "1986.12.13"]
[EventType "tourn"]
[EventRounds "8"]
[EventCountry "ITA"]

1. d4 Nf6 2. c4 e5 3. dxe5 Ne4 4. Nf3 Bb4+ 5. Nbd2 Nc6 6. e3 Qe7 7. Qc2 Nxd2 8. Bxd2 Bxd2+ 9. Qxd2 Nxe5 10. Be2 d6 11. h3 O-O 12. Nd4 Bd7 13. Rd1 Qg5 14. Kf1 a6 15. Nf3 Nxf3 16. Bxf3 Be6 17. Qd4 Rab8 18. Bd5 b5 19. b3 bxc4 20. bxc4 Rb4 21. Qa7 Qh5 22. g4 Bxg4 23. hxg4 Qxg4 24. Qd4 Qxd4 25. Rxd4 Rb2 26. a4 Ra2 27. Bc6 Rb8 28. Rh5 g6 29. Rhd5 Rbb2 30. Rf4 Rb1+ 31. Kg2 Raa1 32. Ra5 Ra2 33. Kh3 f5 34. Bg2 Kg7 35. e4 Rb3+ 36. Kh2 Ra1 37. Rxa6 fxe4 38. Rxe4 Ra2 39. Re7+ Kh6 40. Rf7 {Nur} 1-0

[Event "10. Lega Veneta Magistrale"]
[Site "Padova"]
[Date "1986.12.14"]
[Round "4"]
[White "Caruso, Augusto"]
[Black "Pinton, Maurizio"]
[Result "1/2-1/2"]
[WhiteElo "1900"]
[BlackElo "1900"]
[Annotator "Gabriele Ballarin"]
[PlyCount "80"]
[EventDate "1986.12.13"]
[EventType "tourn"]
[EventRounds "8"]
[EventCountry "ITA"]

1. e4 Nf6 2. Nc3 d5 3. e5 d4 4. exf6 dxc3 5. bxc3 exf6 6. d4 Bd6 7. Bd3 O-O 8. Ne2 Bg4 9. O-O Nc6 10. f3 Bh5 11. Nf4 Bg6 12. Nxg6 hxg6 13. Be3 f5 14. Qd2 Be7 15. Bb5 Na5 16. c4 b6 17. Qd3 Bf6 18. Rad1 c6 19. Ba4 Qe7 20. Bd2 Rad8 21. Bc3 Nxc4 22. Rfe1 Nb2 23. Bxb2 Qb4 24. Bb3 c5 25. Qc4 Qa5 26. Qa4 Qxa4 27. Bxa4 b5 28. Bxb5 Rb8 29. a4 a6 30. c4 axb5 31. axb5 Rfd8 32. Re2 cxd4 33. Rd3 Rdc8 34. Bxd4 Rxc4 35. Bxf6 gxf6 36. Rb3 Rc5 37. b6 Rb7 38. Kf2 Rc6 39. Reb2 Kg7 40. Ke3 Re7+ 1/2-1/2

[Event "10. Lega Veneta Magistrale"]
[Site "Padova"]
[Date "1986.12.14"]
[Round "4"]
[White "Rossi, Carlo"]
[Black "Zanini, Giuseppe"]
[Result "1-0"]
[WhiteElo "2210"]
[BlackElo "1900"]
[Annotator "Gabriele Ballarin"]
[PlyCount "58"]
[EventDate "1986.12.13"]
[EventType "tourn"]
[EventRounds "8"]
[EventCountry "ITA"]

1. e4 e6 2. Nf3 d5 3. e5 d4 4. c3 dxc3 5. bxc3 c5 6. Be2 Nc6 7. O-O Nge7 8. Re1 Nd5 9. Qa4 Be7 10. Qg4 g6 11. Bf1 b6 12. d4 cxd4 13. Nxd4 Nxd4 14. Qxd4 h6 15. Na3 Bc5 16. Qg4 Bd7 17. Nb5 Bxb5 18. Bxb5+ Kf8 19. Qf3 Qe7 20. c4 Nc7 21. Rd1 Rd8 22. Rxd8+ Qxd8 23. Bb2 Nxb5 24. cxb5 Qe8 25. Rd1 Kg8 26. g3 Kh7 27. Qb7 Rf8 28. Rd7 Kg7 29. a4 Qa8 1-0

[Event "10. Lega Veneta Magistrale"]
[Site "Padova"]
[Date "1986.12.14"]
[Round "4"]
[White "Ruggeri, Pietro"]
[Black "Guerra, Alessandro"]
[Result "0-1"]
[WhiteElo "1982"]
[BlackElo "1900"]
[Annotator "Gabriele Ballarin"]
[PlyCount "68"]
[EventDate "1986.12.13"]
[EventType "tourn"]
[EventRounds "8"]
[EventCountry "ITA"]

1. f4 d5 2. Nf3 Nf6 3. e3 Bg4 4. h3 Bxf3 5. Qxf3 e6 6. b3 Ne4 7. h4 Be7 8. g3 Bf6 9. c3 Nd7 10. Ba3 c5 11. Bb5 a6 12. Bxd7+ Qxd7 13. g4 Qc6 14. g5 Be7 15. d3 Nd6 16. c4 Nf5 17. cxd5 exd5 18. Kf2 Rc8 19. Nc3 d4 20. Qxc6+ Rxc6 21. Nd5 dxe3+ 22. Nxe3 Nd4 23. Bb2 O-O 24. Rac1 Rfc8 25. Nc4 Nf5 26. Kf3 b5 27. Ne5 Rd6 28. Rhe1 f6 29. Kg4 g6 30. Nxg6 hxg6 31. h5 Kf7 32. d4 Rd5 33. Re4 gxh5+ 34. Kxh5 Ng3+ 0-1

[Event "10. Lega Veneta Magistrale"]
[Site "Padova"]
[Date "1986.12.14"]
[Round "4"]
[White "Solinas, Carlo"]
[Black "Cracco, Pietro"]
[Result "1-0"]
[WhiteElo "1900"]
[BlackElo "1900"]
[Annotator "Gabriele Ballarin"]
[PlyCount "21"]
[EventDate "1986.12.13"]
[EventType "tourn"]
[EventRounds "8"]
[EventCountry "ITA"]
[SourceTitle "Ballarin Gabriele"]
[Source "Ballarin Gabrie"]
[SourceDate "2001.01.01"]
[SourceVersion "1"]
[SourceVersionDate "2001.01.01"]
[SourceQuality "1"]

1. e4 c5 2. d4 cxd4 3. c3 Nf6 4. e5 Nd5 5. cxd4 d6 6. Nf3 e6 7. a3 Be7 8. Bd3 b6 9. O-O Ba6 10. Bxa6 Nxa6 11. Qa4+ 1-0

[Event "10. Lega Veneta Magistrale"]
[Site "Padova"]
[Date "1986.12.20"]
[Round "5"]
[White "Cracco, Pietro"]
[Black "Rossi, Carlo"]
[Result "0-1"]
[WhiteElo "1900"]
[BlackElo "2210"]
[Annotator "Gabriele Ballarin"]
[PlyCount "62"]
[EventDate "1986.12.13"]
[EventType "tourn"]
[EventRounds "8"]
[EventCountry "ITA"]

1. c4 e5 2. Nc3 Bb4 3. Nd5 Bc5 4. b4 Bd4 5. Rb1 c6 6. e3 cxd5 7. exd4 e4 8. d3 exd3 9. cxd5 Qe7+ 10. Be3 Nf6 11. Bxd3 Nxd5 12. Qd2 Nc6 13. Ne2 Ndxb4 14. Bb5 Nd5 15. O-O O-O 16. Bg5 Qd6 17. Bh4 f5 18. Bc4 Kh8 19. Rb5 Nce7 20. Bxd5 Nxd5 21. Qa5 Ne7 22. Bg3 Qf6 23. Be5 Qf7 24. Qc3 a6 25. Rb2 b5 26. Qf3 Nd5 27. Nf4 Bb7 28. Nxd5 Bxd5 29. Qg3 Rac8 30. a3 Rc6 31. h4 Rg6 0-1

[Event "10. Lega Veneta Magistrale"]
[Site "Padova"]
[Date "1986.12.20"]
[Round "5"]
[White "Guerra, Alessandro"]
[Black "Caruso, Augusto"]
[Result "0-1"]
[WhiteElo "1900"]
[BlackElo "1900"]
[Annotator "Gabriele Ballarin"]
[PlyCount "54"]
[EventDate "1986.12.13"]
[EventType "tourn"]
[EventRounds "8"]
[EventCountry "ITA"]

1. e4 e6 2. d4 d5 3. Nd2 Nf6 4. e5 Nfd7 5. Bd3 c5 6. c3 Nc6 7. Ne2 cxd4 8. cxd4 f6 9. Nf4 Nxd4 10. Qh5+ Ke7 11. Ng6+ hxg6 12. exf6+ Kxf6 13. Qxh8 Kf7 14. O-O Ne5 15. Qh3 Qf6 16. f4 Nxd3 17. Qxd3 Bc5 18. Kh1 Bd7 19. a4 Nf5 20. Ne4 dxe4 21. Qxd7+ Kg8 22. Qxb7 Rd8 23. Qxe4 Qh4 24. Qxe6+ Kh7 25. Qe1 Ng3+ 26. Qxg3 Qxg3 27. hxg3 Rh8 0-1

[Event "10. Lega Veneta Magistrale"]
[Site "Padova"]
[Date "1986.12.20"]
[Round "5"]
[White "Pinton, Maurizio"]
[Black "Solinas, Carlo"]
[Result "1-0"]
[WhiteElo "1900"]
[BlackElo "1900"]
[Annotator "Gabriele Ballarin"]
[PlyCount "125"]
[EventDate "1986.12.13"]
[EventType "tourn"]
[EventRounds "8"]
[EventCountry "ITA"]
[SourceTitle "Ballarin Gabriele"]
[Source "Ballarin Gabrie"]
[SourceDate "2001.01.01"]
[SourceVersion "1"]
[SourceVersionDate "2001.01.01"]
[SourceQuality "1"]

1. e4 e5 2. Nf3 Nc6 3. c3 d5 4. Bb5 dxe4 5. Nxe5 Qg5 6. Qa4 Qxe5 7. Bxc6+ Kd8 8. Qxe4 Qxe4+ 9. Bxe4 Nf6 10. Bf3 Bd6 11. O-O c6 12. d4 h6 13. Nd2 Be6 14. b3 g5 15. Ne4 Nxe4 16. Bxe4 f5 17. Bc2 f4 18. c4 Rg8 19. Bb2 Kd7 20. Rfd1 Bg4 21. f3 Bh5 22. c5 Be7 23. d5 Bxc5+ 24. Kh1 Bg6 25. dxc6+ Kxc6 26. Rac1 Kb6 27. b4 Bxb4 28. Bd4+ Ka6 29. Bb3 Rac8 30. a3 Rxc1 31. Rxc1 Bd2 32. Rc5 Bd3 33. Bg7 Re8 34. h4 Re1+ 35. Kh2 Be3 36. Rd5 Bg1+ 37. Kh3 Bb5 38. a4 Be8 39. Bxh6 gxh4 40. Bxf4 Kb6 41. Kxh4 Bc5 42. g4 Rf1 43. a5+ Kb5 44. Bd1 Kc4 45. Be2+ Kxd5 46. Bxf1 b5 47. axb6 axb6 48. Bd3 Bf2+ 49. Bg3 Bxg3+ 50. Kxg3 b5 51. g5 b4 52. g6 Ke6 53. g7 Kf7 54. Bg6+ Kxg7 55. Bxe8 b3 56. Ba4 b2 57. Bc2 Kf7 58. Kg4 Ke7 59. Kg5 Kf7 60. Kf5 Ke7 61. Kg6 Kf8 62. Kf6 Kg8 63. Ke7 1-0

[Event "10. Lega Veneta Magistrale"]
[Site "Padova"]
[Date "1986.12.20"]
[Round "5"]
[White "Zanini, Giuseppe"]
[Black "Ruggeri, Pietro"]
[Result "1-0"]
[WhiteElo "1900"]
[BlackElo "1982"]
[Annotator "Gabriele Ballarin"]
[PlyCount "73"]
[EventDate "1986.12.13"]
[EventType "tourn"]
[EventRounds "8"]
[EventCountry "ITA"]

1. d4 d5 2. c4 e6 3. Nc3 Nf6 4. cxd5 exd5 5. Bg5 Nbd7 6. e3 c6 7. Bd3 Be7 8. Nge2 O-O 9. Qc2 Re8 10. O-O Nf8 11. Rab1 Ne4 12. Bxe7 Qxe7 13. b4 Bf5 14. Ng3 Bg6 15. Rfc1 Rac8 16. Ngxe4 Bxe4 17. Bxe4 dxe4 18. Na4 b6 19. a3 Nd7 20. Rb3 Rc7 21. Rc3 Rec8 22. Qe2 g6 23. Qd1 Qd6 24. Qb3 Nf6 25. R3c2 Ng4 26. g3 h5 27. Nc3 Nf6 28. Qa4 h4 29. Qa6 b5 30. Nxb5 Qe6 31. Nxc7 Qg4 32. Qe2 hxg3 33. Qxg4 gxf2+ 34. Rxf2 Nxg4 35. Nd5 Nxf2 36. Ne7+ Kf8 37. Nxc8 $138 1-0

[Event "10. Lega Veneta Magistrale"]
[Site "Padova"]
[Date "1986.12.20"]
[Round "6"]
[White "Pinton, Maurizio"]
[Black "Guerra, Alessandro"]
[Result "1/2-1/2"]
[WhiteElo "1900"]
[BlackElo "1900"]
[Annotator "Gabriele Ballarin"]
[PlyCount "94"]
[EventDate "1986.12.13"]
[EventType "tourn"]
[EventRounds "8"]
[EventCountry "ITA"]

1. e4 c5 2. c3 e6 3. d4 d5 4. e5 Nc6 5. Nf3 cxd4 6. cxd4 Bb4+ 7. Nc3 Bd7 8. Be2 Nge7 9. O-O Ng6 10. a3 Be7 11. b4 Rc8 12. Bd2 O-O 13. Bd3 f5 14. exf6 Bxf6 15. Bxg6 hxg6 16. Ne2 e5 17. Bc3 e4 18. Ne5 Bxe5 19. dxe5 Bg4 20. b5 Ne7 21. Bb4 Re8 22. Qd2 Bxe2 23. Qxe2 Nf5 24. Qg4 Rxe5 25. Qxg6 Nh4 26. Qg4 Nf3+ 27. Kh1 Nd4 28. Rac1 Ne6 29. h4 Rc7 30. Bd2 Rd7 31. Rc2 Nd4 32. Rb2 Re8 33. Bg5 Qc7 34. Rc1 Qd6 35. Be3 Ne6 36. Qg6 Rf8 37. Bxa7 Qe7 38. Qg3 Ra8 39. Bb8 Rxa3 40. Rc8+ Rd8 41. Rxd8+ Nxd8 42. Bd6 Ra1+ 43. Kh2 Qd7 44. Rd2 Ra5 45. Rxd5 Rxb5 46. Rd2 Ne6 47. Qg4 Nc5 1/2-1/2

[Event "10. Lega Veneta Magistrale"]
[Site "Padova"]
[Date "1986.12.20"]
[Round "6"]
[White "Ruggeri, Pietro"]
[Black "Cracco, Pietro"]
[Result "0-1"]
[WhiteElo "1982"]
[BlackElo "1900"]
[Annotator "Gabriele Ballarin"]
[PlyCount "65"]
[EventDate "1986.12.13"]
[EventType "tourn"]
[EventRounds "8"]
[EventCountry "ITA"]

1. f4 Nf6 2. Nf3 d5 3. e3 c5 4. d3 Nc6 5. Be2 e6 6. O-O Be7 7. c3 O-O 8. Qe1 Qc7 9. Nbd2 Ng4 10. Bd1 e5 11. fxe5 Ngxe5 12. Bc2 Bg4 13. e4 Rad8 14. Nxe5 Qxe5 15. Nf3 Qh5 16. Bf4 Bd6 17. Qg3 Bxf4 18. Qxf4 dxe4 19. dxe4 Bxf3 20. Rxf3 Qe5 21. Qe3 Qe7 22. Rf5 Ne5 23. Raf1 f6 24. h3 g6 25. R5f2 Kg7 26. Qg3 Rd6 27. h4 h5 28. Qf4 Ng4 29. Rf3 Qe5 30. Qxe5 Nxe5 31. Rg3 Rfd8 32. Rf5 Ng4 33. Rxc5 0-1

[Event "10. Lega Veneta Magistrale"]
[Site "Padova"]
[Date "1986.12.20"]
[Round "6"]
[White "Solinas, Carlo"]
[Black "Rossi, Carlo"]
[Result "0-1"]
[WhiteElo "1900"]
[BlackElo "2210"]
[Annotator "Gabriele Ballarin"]
[PlyCount "127"]
[EventDate "1986.12.13"]
[EventType "tourn"]
[EventRounds "8"]
[EventCountry "ITA"]
[SourceTitle "Ballarin Gabriele"]
[Source "Ballarin Gabrie"]
[SourceDate "2001.01.01"]
[SourceVersion "1"]
[SourceVersionDate "2001.01.01"]
[SourceQuality "1"]

1. e4 Nf6 2. e5 Ng8 3. d4 d5 4. Bd3 c5 5. c3 Nc6 6. Ne2 Bg4 7. f3 Bd7 8. Be3 cxd4 9. Bxd4 e6 10. O-O Nge7 11. Nd2 Nf5 12. Bxf5 exf5 13. Qb3 Nxd4 14. Nxd4 Qb6 15. Qxd5 Be6 16. Qb5+ Qxb5 17. Nxb5 Bc5+ 18. Nd4 O-O-O 19. N2b3 Bxb3 20. axb3 f4 21. Rfe1 Rhe8 22. Kf1 Bxd4 23. cxd4 Rxd4 24. Rxa7 Rd2 25. h4 Rxb2 26. Ra4 Rxb3 27. Rxf4 Re7 28. Rc4+ Kb8 29. f4 h5 30. Rec1 b5 31. Rd4 Kb7 32. Rd6 Rc7 33. Rxc7+ Kxc7 34. Ke2 b4 35. Ra6 Kb7 36. Rd6 Kc7 37. Ra6 Kd7 38. Rb6 Rb2+ 39. Kd3 b3 40. Kc3 Rxg2 41. Kxb3 Rg4 42. f5 g5 43. hxg5 Rxg5 44. Rf6 Ke7 45. Kc3 h4 46. Rh6 Rxf5 47. Kd4 Rf4+ 48. Ke3 Ra4 49. Kf3 Rb4 50. Kg2 Re4 51. Kf3 Ra4 52. Kg2 Rf4 53. Kh3 Re4 54. Kg2 Rxe5 55. Rxh4 Re3 56. Kf2 Ra3 57. Re4+ Kf6 58. Rf4+ Ke6 59. Rb4 Kf5 60. Rc4 Kg5 61. Rc8 f5 62. Rg8+ Kf4 63. Rf8 Ra2+ 64. Kf1 0-1

[Event "10. Lega Veneta Magistrale"]
[Site "Padova"]
[Date "1986.12.21"]
[Round "7"]
[White "Cracco, Pietro"]
[Black "Caruso, Augusto"]
[Result "1-0"]
[WhiteElo "1900"]
[BlackElo "1900"]
[Annotator "Gabriele Ballarin"]
[PlyCount "81"]
[EventDate "1986.12.13"]
[EventType "tourn"]
[EventRounds "8"]
[EventCountry "ITA"]

1. c4 b6 2. Nc3 Bb7 3. e4 c5 4. f3 Nc6 5. Nge2 Ne5 6. Ng3 h5 7. d4 cxd4 8. Qxd4 Nc6 9. Qd1 e6 10. Be3 Be7 11. Qd2 d6 12. Rd1 Qd7 13. c5 bxc5 14. Bxc5 h4 15. Nge2 Ne5 16. Nd4 dxc5 17. Bb5 cxd4 18. Bxd7+ Nxd7 19. Qxd4 Ngf6 20. Nb5 O-O 21. Nd6 e5 22. Qa4 Nb6 23. Qb5 Bc8 24. O-O Bxd6 25. Rxd6 Be6 26. b3 Nfd7 27. Rfd1 Rfe8 28. Rc1 a6 29. Qa5 Reb8 30. h3 Ra7 31. Qe1 Nc8 32. Rd2 Ne7 33. Rdc2 Rbb7 34. Qxh4 Ng6 35. Qd8+ Ndf8 36. Rc7 Rxc7 37. Rxc7 Rxc7 38. Qxc7 Nf4 39. Qxe5 Nd3 40. Qd6 Nc1 41. Qxa6 1-0

[Event "10. Lega Veneta Magistrale"]
[Site "Padova"]
[Date "1986.12.21"]
[Round "7"]
[White "Guerra, Alessandro"]
[Black "Solinas, Carlo"]
[Result "1-0"]
[WhiteElo "1900"]
[BlackElo "1900"]
[Annotator "Gabriele Ballarin"]
[PlyCount "67"]
[EventDate "1986.12.13"]
[EventType "tourn"]
[EventRounds "8"]
[EventCountry "ITA"]

1. e4 e5 2. Nc3 Nf6 3. f4 d5 4. fxe5 Nxe4 5. Nf3 Be7 6. Be2 Be6 7. O-O f5 8. d4 O-O 9. Kh1 Nd7 10. Bd3 g5 11. Ne2 Kh8 12. Be3 f4 13. Bg1 Qe8 14. Nd2 Bf5 15. Qe1 c6 16. Nc3 Nxd2 17. Qxd2 Qg6 18. Rae1 Qe6 19. Ne2 Bg6 20. Rc1 Rf7 21. c4 Raf8 22. cxd5 cxd5 23. Bxg6 hxg6 24. Rc3 Rh7 25. Rc7 Qg4 26. Qd3 Nb6 27. Rxb7 Rhf7 28. Rf3 Qe6 29. Qd2 g4 30. Rxf4 Nc4 31. Qc1 g3 32. Rxf7 Rxf7 33. Qh6+ Kg8 34. Nxg3 1-0

[Event "10. Lega Veneta Magistrale"]
[Site "Padova"]
[Date "1986.12.21"]
[Round "7"]
[White "Rossi, Carlo"]
[Black "Ruggeri, Pietro"]
[Result "1-0"]
[WhiteElo "2210"]
[BlackElo "1982"]
[Annotator "Gabriele Ballarin"]
[PlyCount "47"]
[EventDate "1986.12.13"]
[EventType "tourn"]
[EventRounds "8"]
[EventCountry "ITA"]

1. e4 e5 2. Nf3 Nf6 3. d3 Nc6 4. Be2 Be7 5. c3 d5 6. Nbd2 Be6 7. b4 a6 8. a3 h6 9. Bb2 Qd7 10. O-O dxe4 11. dxe4 Rd8 12. Qc2 Qc8 13. Rad1 O-O 14. c4 Bg4 15. Rfe1 Qe6 16. c5 Nd7 17. h3 Bxf3 18. Nxf3 Ndb8 19. Bc4 Qf6 20. Rd5 Rxd5 21. exd5 Nd4 22. Nxd4 exd4 23. Qe4 Bd8 24. Bxd4 1-0

[Event "10. Lega Veneta Magistrale"]
[Site "Padova"]
[Date "1986.12.21"]
[Round "7"]
[White "Zanini, Giuseppe"]
[Black "Pinton, Maurizio"]
[Result "0-1"]
[WhiteElo "1900"]
[BlackElo "1900"]
[Annotator "Gabriele Ballarin"]
[PlyCount "64"]
[EventDate "1986.12.13"]
[EventType "tourn"]
[EventRounds "8"]
[EventCountry "ITA"]

1. Nf3 Nf6 2. d4 d6 3. c4 e5 4. Nc3 exd4 5. Nxd4 Be7 6. e4 Nbd7 7. Be2 O-O 8. O-O Nc5 9. Qc2 a5 10. Re1 Nfd7 11. Bg4 Bf6 12. Be3 Nd3 13. Red1 N7e5 14. Bxc8 Nb4 15. Qe2 Qxc8 16. f3 Ng6 17. Nd5 Be5 18. Qd2 Re8 19. Ne2 Nxd5 20. cxd5 f5 21. f4 Bf6 22. exf5 Qxf5 23. Ng3 Qg4 24. Re1 Re7 25. Qf2 Rae8 26. h3 Qd7 27. Nh5 Bh4 28. g3 Qxh3 29. Bd4 Qg4 30. Rxe7 Rxe7 31. Nxg7 Bxg3 32. Qg2 Re2 0-1

[Event "10. Lega Veneta Magistrale"]
[Site "Padova"]
[Date "1986.12.21"]
[Round "8"]
[White "Cracco, Pietro"]
[Black "Caruso, Augusto"]
[Result "0-1"]
[WhiteElo "1900"]
[BlackElo "1900"]
[Annotator "Gabriele Ballarin"]
[PlyCount "100"]
[EventDate "1986.12.13"]
[EventType "tourn"]
[EventRounds "8"]
[EventCountry "ITA"]

1. c4 Nf6 2. Nc3 g6 3. e4 d6 4. d4 Bg7 5. Be2 O-O 6. Bg5 h6 7. Be3 Nbd7 8. Qd2 Kh7 9. g4 e5 10. d5 Nc5 11. f3 a5 12. h4 Ng8 13. Nh3 Qxh4+ 14. Nf2 Qe7 15. Nd3 Nxd3+ 16. Bxd3 f6 17. O-O-O g5 18. Kb1 Bd7 19. Bc2 a4 20. Rc1 Rfb8 21. Rhd1 b5 22. cxb5 Bxb5 23. Nxb5 Rxb5 24. Bd3 Rb7 25. Rc2 Qd8 26. Qe2 Qb8 27. Ba6 Rb4 28. Rdc1 Ne7 29. Rc4 Ng6 30. Rxb4 Qxb4 31. Qb5 Rb8 32. Qxb4 Rxb4 33. Bc8 Nh4 34. Rxc7 h5 35. gxh5 Nxf3 36. Bg4 Nh2 37. Bd1 Nf1 38. Bc1 Ng3 39. Rd7 Nxe4 40. Bc2 Kh6 41. Bxe4 Rxe4 42. Rxd6 Kxh5 43. Rd7 Kg6 44. Kc2 g4 45. d6 g3 46. Be3 Rxe3 47. Rxg7+ Kxg7 48. d7 g2 49. d8=Q g1=Q 50. Qe7+ Kh6 0-1

[Event "10. Lega Veneta Magistrale"]
[Site "Padova"]
[Date "1986.12.21"]
[Round "8"]
[White "Rossi, Carlo"]
[Black "Pinton, Maurizio"]
[Result "1-0"]
[WhiteElo "2210"]
[BlackElo "1900"]
[Annotator "Gabriele Ballarin"]
[PlyCount "71"]
[EventDate "1986.12.13"]
[EventType "tourn"]
[EventRounds "8"]
[EventCountry "ITA"]

1. Nf3 Nf6 2. g3 g6 3. b3 Bg7 4. Bb2 O-O 5. Bg2 d6 6. d4 Nbd7 7. O-O Rb8 8. c4 Re8 9. Nc3 c5 10. Qd2 cxd4 11. Nxd4 Ne5 12. Rad1 Bd7 13. h3 Qc8 14. Kh2 Bh6 15. e3 a6 16. Nd5 Nxd5 17. cxd5 g5 18. f4 Ng6 19. Qe2 gxf4 20. exf4 Bg7 21. f5 Ne5 22. Qh5 Rf8 23. Be4 f6 24. Ne6 Qe8 25. Qh4 Rf7 26. Bxe5 dxe5 27. Rc1 Rc8 28. Bf3 Rxc1 29. Rxc1 Bxe6 30. fxe6 Rf8 31. Rc7 Qg6 32. d6 exd6 33. e7 Re8 34. Bh5 Qf5 35. Qc4+ Kh8 36. Qe2 1-0